Southville International School and Colleges
Your cart is empty.
  • Cart
  • Lists
    Public lists Eva Luna New books Lux_list list_1
    Your lists Log in to create your own lists
  • Log in to your account
  • Your cookies
  • Search history
Southville International School and Colleges
  • Advanced search
  • Recent comments
  • Most popular
  • Libraries

Log in to your account

Log in with GOOGLE


If you do not have an external account, but do have a local account, you can still log in:

  1. Home
  2. MARC view: Staying lean :
Normal view MARC view ISBD view

Staying lean : (Record no. 25405)

[ view plain ]
MARC details
000 -LEADER
fixed length control field 00780nam a2200265 a 4500
003 - CONTROL NUMBER IDENTIFIER
control field SISC
005 - DATE AND TIME OF LATEST TRANSACTION
control field 20170123114718.0
008 - FIXED-LENGTH DATA ELEMENTS--GENERAL INFORMATION
fixed length control field 130326s19uu xx 00 eng d
020 ## - INTERNATIONAL STANDARD BOOK NUMBER
International Standard Book Number 9781439826171
050 ## - LIBRARY OF CONGRESS CALL NUMBER
Classification number HD 47.4
Item number .H662 2011
100 ## - MAIN ENTRY--PERSONAL NAME
Personal name Hines, Peter.
245 ## - TITLE STATEMENT
Title Staying lean :
Remainder of title thriving, not just surviving /
Statement of responsibility, etc Peter Hines.
250 ## - EDITION STATEMENT
Edition statement 2nd edition.
260 ## - PUBLICATION, DISTRIBUTION, ETC. (IMPRINT)
Place of publication, distribution, etc Boca Raton ; London ; New York :
Name of publisher, distributor, etc CRC Press,
Date of publication, distribution, etc 2011.
300 ## - PHYSICAL DESCRIPTION
Extent xxi, 259 pages :
Other physical details illustrations ;
Dimensions 26 cm.
500 ## - GENERAL NOTE
General note Includes index.
650 ## - SUBJECT ADDED ENTRY--TOPICAL TERM
Topical term or geographic name as entry element Organizational effectiveness.
650 ## - SUBJECT ADDED ENTRY--TOPICAL TERM
Topical term or geographic name as entry element Industrial efficiency.
650 ## - SUBJECT ADDED ENTRY--TOPICAL TERM
Topical term or geographic name as entry element Value added.
700 ## - ADDED ENTRY--PERSONAL NAME
Personal name Found, Pauline.
700 ## - ADDED ENTRY--PERSONAL NAME
Personal name Griffiths, Gary.
700 ## - ADDED ENTRY--PERSONAL NAME
Personal name Harrison, Richard.
942 ## - ADDED ENTRY ELEMENTS (KOHA)
Koha item type Books
Source of classification or shelving scheme Library of Congress Classification
Call number prefix Foreign
Holdings
Withdrawn status Lost status Source of classification or shelving scheme Damaged status Home library Current library Shelving location Date acquired Source of acquisition Cost, normal purchase price Total Checkouts Full call number Barcode Date last seen Copy number Price effective from Koha item type
    Library of Congress Classification   College Library College Library General Circulation Section 03/26/2013 Donation 2952.00   HD 47.4 .H662 2011 C15469 05/15/2018 1 10/18/2013 Books

Staying lean :

APA

Hines P., Found P., Griffiths G. & Harrison R. (2011). Staying lean. Boca Raton ; London ; New York: CRC Press.

Chicago

Hines Peter, Found Pauline, Griffiths Gary and Harrison Richard. 2011. Staying lean. Boca Raton ; London ; New York: CRC Press.

Harvard

Hines P., Found P., Griffiths G. and Harrison R. (2011). Staying lean. Boca Raton ; London ; New York: CRC Press.

MLA

Hines Peter, Found Pauline, Griffiths Gary and Harrison Richard. Staying lean. Boca Raton ; London ; New York: CRC Press. 2011.

  • Place hold
  • Print
  • Cite
  • Add to your cart (remove)
  • Save record
    BIBTEX Dublin Core MARCXML MARC (non-Unicode/MARC-8) MARC (Unicode/UTF-8) MARC (Unicode/UTF-8, Standard) MODS (XML) RIS
  • More searches
    Search for this title in:
    Other Libraries (WorldCat) Other Databases (Google Scholar) Online Stores (Bookfinder.com) Open Library (openlibrary.org)

Exporting to Dublin Core...

SOUTHVILLE LIBRARY

Southville International School and Colleges Library

1281 Tropical Ave. Cor. Luxembourg St., BF Homes International, Las Pinas City

Tel. No. 8256374 / 252358 Loc. 117/146

Powered by Koha